书目信息 |
| 题名: |
黄俊贵论文选
|
|
| 作者: | 张德芳 , 金恩晖 主编 | |
| 分册: | ||
| 出版信息: | 成都 成都东方图书馆学研究所 1988 |
|
| 页数: | 126页 | |
| 开本: | 19cm | |
| 丛书名: | ||
| 单 册: | ||
| 中图分类: | G250.1 | |
| 科图分类: | ||
| 主题词: | ||
| 电子资源: | ||
| ISBN: | ||
| 000 | 00592nam0 2200181 450 | |
| 001 | 202410241860621968 | |
| 005 | 20241024081245.54 | |
| 010 | @dCNY3.00 | |
| 100 | @a20241024d km y0chiy0120 ea | |
| 101 | 0 | @achi |
| 200 | 1 | @a黄俊贵论文选@AHuang Jun Gui Lun Wen Xuan@f张德芳,金恩晖主编@FZhang De Fang,Jin En Hui Zhu Bian |
| 210 | @a成都@c成都东方图书馆学研究所@d1988 | |
| 215 | @a126页@d19cm | |
| 690 | @aG250.1@v4 | |
| 701 | 0 | @a张德芳@AZhang De Fang@4主编 |
| 701 | 0 | @a金恩晖@AJin En Hui@4主编 |
| 801 | 0 | @aCN@b大连网信软件有限公司图书馆·11@c20241024 |
| 905 | @aZUCC@b1432121@dG250.1@e203@f1 | |
| 黄俊贵论文选/张德芳,金恩晖主编.-成都:成都东方图书馆学研究所,1988 |
| 126页;19cm |
| ISBN :CNY3.00 |
| ● |
| 相关链接 |
|
|
|
|
正题名:黄俊贵论文选
索取号:G250.1/203
 
预约/预借
| 序号 | 登录号 | 条形码 | 馆藏地/架位号 | 状态 | 备注 |
| 1 | 1432121 | 214321214 | 密集书库2/ [索取号:G250.1/203] | 在馆 |